[Event "HUN Team League Ch. Csongrad Region"]
[Site "Csongrád County"]
[Date "2015.09.27"]
[Round "2.5"]
[White "Ver, Imre"]
[Black "Farkas, Boldizsar"]
[Result "1-0"]
[WhiteElo "1865"]
[BlackElo "1468"]
[PlyCount "53"]
[EventDate "2015.09.20"]

1. e4 c5 2. Nf3 a6 3. Bc4 e6 4. c3 Nc6 5. d4 d5 6. exd5 exd5 7. Bb3 Nf6 8. O-O
b6 9. Bg5 Be7 10. dxc5 bxc5 11. Bxf6 Bxf6 12. Bxd5 Bd7 13. Re1+ Be7 14. Ne5
Nxe5 15. Bxa8 Nc4 16. Bd5 Nb6 17. Bf3 O-O 18. Qe2 Re8 19. Qxa6 Bc8 20. Qb5 Bd7
21. Bc6 Bf6 22. Na3 Bxc6 23. Qxc6 Nd7 24. Rxe8+ Qxe8 25. Rd1 Qe2 26. Qxd7 g6
27. Qd2 1-0

[Event "HUN Team League Ch. Csongrad Region"]
[Site "Csongrád County"]
[Date "2015.09.27"]
[Round "2.5"]
[White "Papp, Bence"]
[Black "Sipos, Kalman"]
[Result "1-0"]
[WhiteElo "1580"]
[BlackElo "1816"]
[PlyCount "61"]
[EventDate "2015.09.20"]

1. e4 c5 2. Nf3 Nc6 3. Bc4 e6 4. O-O g6 5. Re1 Bg7 6. c3 Nge7 7. d4 cxd4 8.
cxd4 O-O 9. Nc3 d5 10. exd5 Nxd5 11. Bg5 Qd7 12. Bb5 a6 13. Bxc6 Qxc6 14. Rc1
Qd6 15. Ne4 Qb6 16. Qd2 Qb4 17. Nc3 Bd7 18. Nxd5 Qxd2 19. Ne7+ Kh8 20. Bxd2
Rfe8 21. Rc7 Rad8 22. Ng5 Bf6 23. Nxf7+ Kg7 24. Nxd8 Rxd8 25. Nc8 Kg8 26. Nb6
Bc6 27. Rc8 Rxc8 28. Nxc8 Bxd4 29. Ne7+ Kf7 30. Nxc6 bxc6 31. Bc3 1-0

[Event "HUN Team League Ch. Csongrad Region"]
[Site "Csongrád County"]
[Date "2015.09.27"]
[Round "2.5"]
[White "Abraham, Lajos"]
[Black "Vidu, Armand"]
[Result "1-0"]
[WhiteElo "1766"]
[BlackElo "1569"]
[PlyCount "137"]
[EventDate "2015.09.20"]

1. e4 e5 2. Nf3 Nc6 3. Bb5 d6 4. h3 Nf6 5. Nc3 Bd7 6. d4 exd4 7. Nxd4 Be7 8.
Be3 O-O 9. g4 h6 10. Qe2 Qe8 11. Nf5 Bxf5 12. gxf5 a6 13. Bd3 Rd8 14. Rg1 Kh7
15. Nd5 Rd7 16. c3 Rg8 17. a3 Bd8 18. f3 Ne5 19. Bc2 b5 20. f4 Nc4 21. Bd4 c6
22. Nxf6+ Bxf6 23. Bxf6 gxf6 24. O-O-O Nb6 25. Qf2 c5 26. Rxg8 Qxg8 27. Rg1 Qd8
28. Qg3 Qf8 29. e5 dxe5 30. fxe5 Nd5 31. e6 Re7 32. Qd6 Nc7 33. Rd1 c4 34. Qd4
fxe6 35. fxe6+ Kh8 36. Qd6 Qg7 37. Qd8+ Qg8 38. Qxg8+ Kxg8 39. Rd8+ Kg7 40. Rd7
Rxd7 41. exd7 Ne6 42. Bf5 Nd8 43. Kd2 Kf7 44. Ke3 Ke7 45. Kf4 Kf7 46. Kg4 Kg7
47. Kh5 Nf7 48. Be6 Nd8 49. Bd5 Kh7 50. Kg4 Kg6 51. Kf4 Kh7 52. Kf5 Kg7 53. h4
a5 54. a4 bxa4 55. h5 a3 56. bxa3 a4 57. Kf4 Kf8 58. Bxc4 Ke7 59. Bb5 Ne6+ 60.
Kf5 Nc5 61. Kg6 Nxd7 62. Bxa4 Ne5+ 63. Kf5 Kf7 64. Bb3+ Kg7 65. Bd5 Nd7 66. c4
Nc5 67. Bc6 Kf7 68. a4 Na6 69. Bb5 1-0

[Event "HUN Team League Ch. Csongrad Region"]
[Site "Csongrád County"]
[Date "2015.09.27"]
[Round "2.5"]
[White "Tapodi, Norman Lajos"]
[Black "Bartos, Ferenc"]
[Result "1/2-1/2"]
[WhiteElo "1536"]
[BlackElo "1817"]
[PlyCount "70"]
[EventDate "2015.09.20"]

1. e4 e5 2. Nf3 Nc6 3. Bc4 Bc5 4. O-O Nf6 5. Nc3 O-O 6. d3 h6 7. h3 d6 8. a3
Be6 9. Bxe6 fxe6 10. b4 Bd4 11. Nxd4 exd4 12. Ne2 e5 13. Bb2 Qd7 14. f4 a5 15.
b5 Ne7 16. a4 c5 17. c4 dxc3 18. Qb3+ Kh7 19. Bxc3 Ng6 20. fxe5 dxe5 21. Qc4 b6
22. Rad1 Nh5 23. Rxf8 Rxf8 24. Bd2 Nhf4 25. Nxf4 Nxf4 26. Bxf4 Rxf4 27. Rf1
Qd4+ 28. Qxd4 Rxf1+ 29. Kxf1 exd4 30. Ke2 g5 31. g4 Kg6 32. Kf3 Kf6 33. Ke2 Ke6
34. Kd2 Kd6 35. Kc2 Ke5 1/2-1/2

[Event "HUN Team League Ch. Csongrad Region"]
[Site "Csongrád County"]
[Date "2015.09.27"]
[Round "2.5"]
[White "Beretka, Csaba"]
[Black "Moczar, Peter"]
[Result "1-0"]
[WhiteElo "1746"]
[BlackElo "1429"]
[PlyCount "107"]
[EventDate "2015.09.20"]

1. d4 d5 2. c4 e6 3. Nc3 Nf6 4. Bg5 Be7 5. Nf3 O-O 6. e3 h6 7. Bh4 b6 8. Bd3
Nbd7 9. O-O c5 10. cxd5 Nxd5 11. Bxe7 Qxe7 12. Nxd5 exd5 13. dxc5 bxc5 14. Rc1
c4 15. Bb1 Nf6 16. Qd4 Bg4 17. Ne5 Be6 18. e4 Rac8 19. exd5 Rfd8 20. Rxc4 Rxd5
21. Rxc8+ Bxc8 22. Qc3 Rc5 23. Nc4 Ba6 24. b3 Bxc4 25. bxc4 Qc7 26. Rc1 Nd5 27.
Qd3 g6 28. Qe4 Qc8 29. h4 h5 30. Bd3 Nb4 31. Bb1 Nc6 32. Bc2 Ne5 33. Bb3 a5 34.
f4 f5 35. Qd4 Nf7 36. Qf6 Rc6 37. Qd4 Rc5 38. Re1 Kf8 39. Rd1 a4 40. Bxa4 Rxc4
41. Qa7 Rxf4 42. Bb3 Qe8 43. Rc1 Kg7 44. Bxf7 Qf8 45. Bxg6+ Kf6 46. Rc6+ Ke5
47. Qc7+ Ke4 48. Rc4+ Kd5 49. Bf7+ Qxf7 50. Qxf7+ Ke5 51. Qc7+ Kf6 52. Qd6+ Kf7
53. Rc7+ Ke8 54. Qe7# 1-0

[Event "HUN Team League Ch. Csongrad Region"]
[Site "Csongrád County"]
[Date "2015.09.27"]
[Round "2.5"]
[White "Farkas, Virag"]
[Black "Kadnar, Emil"]
[Result "0-1"]
[WhiteElo "1405"]
[BlackElo "1670"]
[PlyCount "48"]
[EventDate "2015.09.20"]

1. d4 d5 2. e3 Nf6 3. Bd3 e6 4. Nf3 Bd6 5. Nbd2 b6 6. e4 dxe4 7. Nxe4 Bb7 8.
Bg5 h6 9. Nxf6+ gxf6 10. Bh4 Nd7 11. Qe2 Qe7 12. O-O-O O-O-O 13. Ba6 Kb8 14.
Bxb7 Kxb7 15. Rhe1 Rc8 16. d5 e5 17. Qb5 c5 18. a4 c4 19. a5 Rc5 20. a6+ Kb8
21. Qa4 Ra5 22. Qxc4 Rc8 23. Qd3 Nc5 24. Qf5 Nb3+ 0-1

[Event "HUN Team League Ch. Csongrad Region"]
[Site "Csongrád County"]
[Date "2015.09.27"]
[Round "2.5"]
[White "Tumbasz, Peter"]
[Black "Fulop, Csilla"]
[Result "0-1"]
[WhiteElo "1659"]
[BlackElo "1342"]
[PlyCount "54"]
[EventDate "2015.09.20"]

1. d4 Nf6 2. Nc3 d5 3. Bg5 c6 4. Bxf6 exf6 5. e4 Bb4 6. Qf3 O-O 7. O-O-O Be6 8.
Nge2 Qd7 9. h3 dxe4 10. Nxe4 Bd5 11. N2g3 Qe6 12. a3 Ba5 13. Bd3 Nd7 14. Nf5 g6
15. Nh6+ Kg7 16. Qe3 Rae8 17. Ng4 Bxe4 18. Qh6+ Kg8 19. Rhe1 Bxe1 20. Rxe1 f5
21. Nh2 Qa2 22. Kd2 Bxd3 23. Rxe8 Rxe8 24. Kxd3 Qxb2 25. Nf3 Qxa3+ 26. c3 Qf8
27. Qh4 Qe7 0-1